[Event "VL-2022/23"]
[Site "MVP"]
[Date "2023.04.23"]
[Round "8.4"]
[White "Paulowitz, Bernd-Rainer"]
[Black "Wulff, Jens-Peter"]
[Result "1-0"]
[WhiteElo "1904"]
[BlackElo "1727"]
[PlyCount "67"]
[EventDate "2022.??.??"]
[EventType "team-tourn"]
[EventRounds "9"]
[EventCountry "GER"]
[WhiteTeam "HSG Stralsund"]
[BlackTeam "Mecklenburger Springer"]
[WhiteTeamCountry "GER"]
[BlackTeamCountry "GER"]

1. d4 f5 2. g3 Nf6 3. c4 d5 4. cxd5 Nxd5 5. Nc3 c6 6. Bg2 Be6 7. Nf3 Nxc3 8. bxc3 Bd5 9. O-O Nd7 10. c4 Bxc4 11. Qc2 Bd5 12. Qxf5 Bxf3 13. Qxf3 Nf6 {(=)} 14. Rb1 Qd7 15. Rxb7 Qxb7 16. Qxc6+ Qxc6 17. Bxc6+ Kf7 18. Bxa8 e6 19. Bf3 Be7 20. Bf4 Rd8 21. Be5 Nd7 22. Bf4 Nb6 23. e3 Rc8 24. Be4 g5 25. Be5 h5 26. f4 g4 27. f5 exf5 28. Bxf5 Rc3 29. Bxg4+ Kg6 30. Bf5+ Kh6 31. h4 Nd5 32. Re1 Bb4 33. e4 Rf3 34. Rb1 1-0

[Event "VL-2022/23"]
[Site "MVP"]
[Date "2023.04.23"]
[Round "8.5"]
[White "Kumbernuss, Torsten"]
[Black "Bramhoff, Jakob"]
[Result "0-1"]
[WhiteElo "1562"]
[BlackElo "1659"]
[PlyCount "66"]
[EventDate "2022.??.??"]
[EventType "team-tourn"]
[EventRounds "9"]
[EventCountry "GER"]
[WhiteTeam "Mecklenburger Springer"]
[BlackTeam "HSG Stralsund"]
[WhiteTeamCountry "GER"]
[BlackTeamCountry "GER"]

{[%evp 0,29,30,20,26,11,25,13,24,-71,-24,-21,-14,-19,-16,-47,-48,-56,-56,-56,-14,-56,-45,-64,-34,-63,-56,-60,-58,-131,-95,-94]} 1. e4 e5 2. Nf3 Nc6 3. Nc3 Nf6 4. d3 Bb4 5. Bd2 d5 6. exd5 Nxd5 7. Nxd5 Bxd2+ 8. Qxd2 Qxd5 9. Be2 Be6 10. O-O f6 11. b4 O-O 12. a3 Rad8 13. Qe3 b6 14. Ne1 Ne7 15. Bf3 Qd7 16. g3 Nf5 17. Qe4 Nd4 18. Qb7 Nxf3+ 19. Qxf3 Bg4 20. Qe4 f5 21. Qc4+ Kh8 22. Ng2 Bf3 23. Rfe1 Rde8 24. a4 f4 25. Qb5 Qh3 26. Nh4 fxg3 27. Nxf3 gxf2+ 28. Kxf2 Qxf3+ 29. Kg1 c6 30. Qc4 Rf4 31. Qxf4 Qxf4 32. b5 Re6 33. Rf1 Qd4+ 0-1

[Event "VL-2022/23"]
[Site "MVP"]
[Date "2023.04.23"]
[Round "8.7"]
[White "Moritz, Egon"]
[Black "Glawe, Hartmut"]
[Result "0-1"]
[WhiteElo "1627"]
[BlackElo "2017"]
[PlyCount "78"]
[EventDate "2022.??.??"]
[EventType "team-tourn"]
[EventRounds "9"]
[EventCountry "GER"]
[WhiteTeam "Mecklenburger Springer"]
[BlackTeam "HSG Stralsund"]
[WhiteTeamCountry "GER"]
[BlackTeamCountry "GER"]

1. d4 Nf6 2. Bf4 b6 3. Nc3 Bb7 4. e3 g6 5. Nf3 Bg7 6. Be2 d6 7. h3 Nbd7 8. O-O O-O 9. Re1 Re8 10. Bc4 e6 11. e4 e5 12. dxe5 dxe5 13. Bg5 h6 14. Bh4 Qc8 15. Qe2 c6 16. Bg3 b5 17. Bd3 Qc7 18. Qe3 a6 19. b4 Nh5 20. Bh2 Nf4 21. Bf1 a5 22. a3 Qd6 23. Rad1 Qe7 24. Bxf4 exf4 25. Qxf4 Bxc3 26. Re3 Bg7 27. c4 axb4 28. axb4 Ne5 29. cxb5 cxb5 30. Bxb5 Red8 31. Nd2 Qxb4 32. Rb3 Qxb3 33. Nxb3 Rxd1+ 34. Kh2 Ba6 35. Bxa6 Rxa6 36. Nc5 Ra3 37. h4 Ra5 38. Nb3 Rb5 39. Qg3 Rd3 0-1

[Event "VL-2022/23"]
[Site "MVP"]
[Date "2023.04.23"]
[Round "8.8"]
[White "Leddin, Mathias"]
[Black "Schmidt, Wolfgang"]
[Result "1-0"]
[WhiteElo "1602"]
[BlackElo "1681"]
[PlyCount "79"]
[EventDate "2022.??.??"]
[EventType "team-tourn"]
[EventRounds "9"]
[EventCountry "GER"]
[WhiteTeam "HSG Stralsund"]
[BlackTeam "Mecklenburger Springer"]
[WhiteTeamCountry "GER"]
[BlackTeamCountry "GER"]

{[%evp 0,79,26,25,53,4,70,48,46,30,30,-23,-19,-20,-20,-15,-16,-18,-34,-25,-23,-25,-2,-22,4,-20,-21,-28,-20,-20,-35,-35,-9,-27,-20,-27,-28,-56,-53,-66,-46,-109,11,17,34,-4,3,-3,54,39,46,40,55,48,81,75,69,38,38,46,86,38,72,41,49,41,73,31,100,98,76,102,141,48,81,81,103,52,97,40,55,64]} 1. e4 c5 2. f4 d6 3. Nf3 Nc6 4. d3 Nf6 5. c4 g6 6. Nc3 Bg7 7. Be2 a6 8. O-O O-O 9. Rb1 Bd7 10. Bd2 Rb8 11. Nd5 e6 12. Nxf6+ Bxf6 13. Qc1 Nd4 14. Nxd4 Bxd4+ 15. Be3 Bg7 16. Qe1 f5 17. e5 Bc6 18. Qf2 b6 19. exd6 Qxd6 20. b4 Bd4 21. Bxd4 cxd4 22. Rfe1 Rfe8 23. Bf3 Bd7 24. Qg3 Re7 25. Re5 Kg7 26. h4 Bc6 27. Bxc6 Qxc6 28. Qf2 Qd6 29. a3 Rc8 30. Rc1 Rec7 31. Qb2 Kf7 32. Rc2 Kf6 33. Qc1 h6 34. Rce2 Re8 35. Qe1 Rce7 36. g3 h5 {(=)} 37. c5 bxc5 38. Rxc5 Kf7 39. Ree5 Rc7 40. Qc1 1-0

[Event "VL-2022/23"]
[Site "MVP"]
[Date "2023.04.23"]
[Round "8.3"]
[White "Schmidt, Paul"]
[Black "Celmer, Ole"]
[Result "1-0"]
[WhiteElo "1844"]
[BlackElo "1930"]
[PlyCount "63"]
[EventDate "2022.??.??"]
[EventType "team-tourn"]
[EventRounds "9"]
[EventCountry "GER"]
[WhiteTeam "SAV Torgelow II"]
[BlackTeam "Think Rochade"]
[WhiteTeamCountry "GER"]
[BlackTeamCountry "GER"]

1. e4 e5 2. Nf3 Nc6 3. Bb5 a6 4. Ba4 Nf6 5. O-O Be7 6. Re1 b5 7. Bb3 O-O 8. c3 d5 9. exd5 Nxd5 10. Nxe5 Nxe5 11. Rxe5 c6 12. d3 Bd6 13. Re1 Bf5 14. Nd2 Bxd3 15. Nf3 Bg6 16. Bg5 f6 17. Be3 Bf7 18. Nd4 Qc7 19. h3 Rad8 20. Qg4 h5 21. Qf5 Rfe8 22. Bxd5 Bxd5 23. Qxh5 Re5 24. Qg4 Rde8 25. Rad1 Re4 26. Qh5 Bf4 27. Nf5 R8e5 28. Rd4 Bxe3 29. Rxe3 Rxe3 30. fxe3 Be4 31. Nh6+ Kf8 32. Rd8+ 1-0

[Event "VL-2022/23"]
[Site "MVP"]
[Date "2023.04.23"]
[Round "8.4"]
[White "Gazizov, Max"]
[Black "Bollnow, Alex"]
[Result "1-0"]
[WhiteElo "1689"]
[BlackElo "1659"]
[PlyCount "45"]
[EventDate "2022.??.??"]
[EventType "team-tourn"]
[EventRounds "9"]
[EventCountry "GER"]
[WhiteTeam "Think Rochade"]
[BlackTeam "SAV Torgelow II"]
[WhiteTeamCountry "GER"]
[BlackTeamCountry "GER"]

1. d4 Nf6 2. c4 g6 3. Nc3 Bg7 4. e4 d6 5. Nf3 O-O 6. Be2 Nbd7 7. O-O e5 8. d5 Ne8 9. b4 f5 10. Ng5 Ndf6 11. c5 h6 12. Ne6 Bxe6 13. dxe6 c6 14. cxd6 Nxd6 15. b5 Nfxe4 16. Nxe4 Nxe4 17. Qb3 Qe7 18. bxc6 bxc6 19. Ba3 c5 20. Rad1 Rfd8 21. Rd7 Rxd7 22. exd7+ Qf7 23. Bc4 1-0

[Event "VL-2022/23"]
[Site "MVP"]
[Date "2023.04.23"]
[Round "8.5"]
[White "Massloch, Philipp"]
[Black "Morosova, Svetlana"]
[Result "0-1"]
[WhiteElo "1805"]
[BlackElo "1675"]
[PlyCount "44"]
[EventDate "2022.??.??"]
[EventType "team-tourn"]
[EventRounds "9"]
[EventCountry "GER"]
[WhiteTeam "SAV Torgelow II"]
[BlackTeam "Think Rochade"]
[WhiteTeamCountry "GER"]
[BlackTeamCountry "GER"]

1. e4 c5 2. Nc3 e6 3. f4 a6 4. a4 Nc6 5. Bc4 Qc7 6. d3 d6 7. Nf3 Nf6 8. O-O Be7 9. Qe1 O-O 10. e5 Ne8 11. Qg3 d5 12. Ba2 Bd7 13. f5 Nb4 14. Bf4 Nxa2 15. Rxa2 Kh8 16. f6 gxf6 17. exf6 Bd6 18. Ne5 Bc6 19. Bh6 Rg8 20. Nxf7+ Qxf7 21. Bg7+ Nxg7 22. fxg7+ Qxg7 0-1

[Event "VL-2022/23"]
[Site "MVP"]
[Date "2023.04.23"]
[Round "8.8"]
[White "Ostrzinski, Jan"]
[Black "Pawlicz, Filip"]
[Result "1/2-1/2"]
[WhiteElo "1532"]
[BlackElo "1290"]
[PlyCount "93"]
[EventDate "2022.??.??"]
[EventType "team-tourn"]
[EventRounds "9"]
[EventCountry "GER"]
[WhiteTeam "Think Rochade"]
[BlackTeam "SAV Torgelow II"]
[WhiteTeamCountry "GER"]
[BlackTeamCountry "GER"]

1. e4 c5 2. Nf3 Nc6 3. d4 cxd4 4. Nxd4 g6 5. Nc3 Bg7 6. Be3 Nf6 7. f3 O-O 8. Qd2 d5 9. exd5 Nxd5 10. Nxc6 bxc6 11. Nxd5 cxd5 12. c3 e5 13. Rd1 Bb7 14. Be2 f5 15. O-O f4 16. Bc5 Rf5 17. Bc4 Qc7 18. Bxd5+ Kh8 19. Bxb7 Qxb7 20. b4 e4 21. fxe4 Qxe4 22. Bd4 Re8 23. Bxg7+ Kxg7 24. Qd4+ Kh6 25. Qxe4 Rxe4 26. Rd4 Rxd4 27. cxd4 Kg7 28. Rc1 Rf7 29. Kf2 Rd7 30. Rd1 Kf6 31. Kf3 Kf5 32. d5 g5 33. h3 h5 34. b5 g4+ 35. Kf2 Ke5 36. Rd2 Kd6 37. Rd4 Rf7 38. a4 Rf6 39. hxg4 hxg4 40. g3 fxg3+ 41. Kxg3 Rg6 42. Rd2 Rg5 43. a5 Rxd5 44. Rb2 Kc7 45. Kxg4 Rd4+ 46. Kf5 Ra4 47. b6+ 1/2-1/2

[Event "VL-2022/23"]
[Site "MVP"]
[Date "2023.04.23"]
[Round "8.1"]
[White "Stoevesand, Eric"]
[Black "Schmidt, Peter"]
[Result "1-0"]
[WhiteElo "1910"]
[BlackElo "2109"]
[PlyCount "89"]
[EventDate "2022.??.??"]
[EventType "team-tourn"]
[EventRounds "9"]
[EventCountry "GER"]
[WhiteTeam "SG Neubrandenburg"]
[BlackTeam "SSC Rostock"]
[WhiteTeamCountry "GER"]
[BlackTeamCountry "GER"]

1. e4 g6 2. d4 d6 3. Be3 Bg7 4. Qd2 Nd7 5. Nc3 a6 6. f4 b5 7. Nf3 Bb7 8. Bd3 c5 9. a4 b4 10. Nd1 Ngf6 11. Nf2 O-O 12. c3 bxc3 13. bxc3 e6 14. O-O Qc7 15. g4 Rfc8 16. Ra2 cxd4 17. cxd4 Qc3 18. Qe2 Qa5 19. Bd2 Qb6 20. Rb1 Qa7 21. Be3 d5 22. e5 Ne8 23. f5 Rc7 24. h4 Nb6 25. h5 exf5 26. hxg6 fxg6 27. gxf5 gxf5 28. Bxf5 Bc8 29. Bd3 Nc4 30. Bc1 Rb8 31. Rxb8 Qxb8 32. Bf4 Rc6 33. Rc2 Qb4 34. Nd2 Qxa4 35. Qh5 Kf8 36. Nxc4 dxc4 37. Bxh7 Qa1+ 38. Kg2 Qxd4 39. Qf3 Qd7 40. Bg5+ Qf7 41. Qa3+ Nd6 42. exd6 Qd5+ 43. Ne4 Bd4 44. d7+ Kg7 45. Qe7+ 1-0

[Event "VL-2022/23"]
[Site "MVP"]
[Date "2023.04.23"]
[Round "8.3"]
[White "Schulz, Daniel"]
[Black "Hodl, Ingolf"]
[Result "1-0"]
[WhiteElo "1817"]
[BlackElo "1911"]
[PlyCount "106"]
[EventDate "2022.??.??"]
[EventType "team-tourn"]
[EventRounds "9"]
[EventCountry "GER"]
[WhiteTeam "SG Neubrandenburg"]
[BlackTeam "SSC Rostock"]
[WhiteTeamCountry "GER"]
[BlackTeamCountry "GER"]

1. e4 Nf6 2. e5 Nd5 3. Nf3 d6 4. d4 g6 5. Be2 Bg7 6. O-O O-O 7. c4 Nb6 8. Nc3 Nc6 9. exd6 cxd6 10. Bg5 Bg4 11. Re1 h6 12. Be3 Bxf3 13. gxf3 d5 14. c5 Nc8 15. Qd2 Kh7 16. f4 e6 17. Na4 N8e7 18. Bg4 b5 19. Nc3 Qa5 20. a3 Rfb8 21. b4 Qd8 22. a4 a5 23. Nxb5 axb4 24. Nd6 Qf8 25. Be2 Na5 26. Reb1 Nec6 27. Bb5 Bf6 28. Bxc6 Nxc6 29. Nb5 Bd8 30. f5 gxf5 31. Kh1 Bf6 32. Rg1 f4 33. Bxf4 Rxb5 34. axb5 Rxa1 35. Rxa1 Nxd4 36. b6 Nc6 37. Bd6 Be7 38. Qd3+ f5 39. Bxe7 Qxe7 40. Qb5 Qb7 41. Qa6 Qg7 42. Qa7 b3 43. Qxg7+ Kxg7 44. Rb1 Kf6 45. Rxb3 Ke7 46. Rh3 d4 47. Kg1 Kd7 48. Rxh6 d3 49. Kf1 Nd4 50. Ke1 Kc6 51. Rh7 Kxc5 52. b7 Nc6 53. Rc7 d2+ 1-0

[Event "VL-2022/23"]
[Site "MVP"]
[Date "2023.04.23"]
[Round "8.4"]
[White "Wurst, Maximilian"]
[Black "Rossmann, Andreas"]
[Result "1/2-1/2"]
[WhiteElo "1723"]
[BlackElo "2073"]
[PlyCount "130"]
[EventDate "2022.??.??"]
[EventType "team-tourn"]
[EventRounds "9"]
[EventCountry "GER"]
[WhiteTeam "SSC Rostock"]
[BlackTeam "SG Neubrandenburg"]
[WhiteTeamCountry "GER"]
[BlackTeamCountry "GER"]

1. e4 c5 2. Nf3 d6 3. d4 cxd4 4. Nxd4 Nf6 5. Nc3 Nc6 6. Be3 e5 7. Nb3 Be7 8. f3 O-O 9. Qd2 a5 10. Bc4 a4 11. Nc1 Be6 12. Nd5 Bxd5 13. Bxd5 Nxd5 14. exd5 Nb8 15. O-O Nd7 16. Ne2 Qa5 17. Rfd1 Rfc8 18. Qxa5 Rxa5 19. Nc3 f5 20. Rd2 a3 21. Nd1 axb2 22. Nxb2 Ra3 23. Bf2 Rca8 24. Rd3 Rxa2 25. Rxa2 Rxa2 26. Nd1 Rxc2 27. Kf1 Nc5 28. Ra3 g6 29. Be3 f4 30. Bf2 Kf7 31. Bxc5 Rxc5 32. Rb3 Rxd5 33. Ke2 Rc5 34. Rxb7 Rc2+ 35. Kf1 h5 36. Rb1 d5 37. Nf2 Rd2 38. Ke1 Rd4 39. Ke2 Rb4 40. Rd1 Rb2+ 41. Kf1 Ke6 42. Nd3 Rb3 43. Nf2 g5 44. h3 Bc5 45. Nd3 Bb6 46. Ne1 e4 47. fxe4 dxe4 48. Rc1 Ba5 49. Rc6+ Kd5 50. Rg6 Rg3 51. Nc2 Bd2 52. Rg8 Kc4 53. Rc8+ Kd3 54. Na3 e3 55. Rd8+ Kc3 56. Nb5+ Kc2 57. Nd4+ Kd1 58. Re8 g4 59. Nf5 e2+ 60. Rxe2 Ra3 61. hxg4 hxg4 62. Re8 f3 63. Rd8 Rc3 64. Nh4 Re3 65. gxf3 Re1+ 1/2-1/2

[Event "VL-2022/23"]
[Site "MVP"]
[Date "2023.04.23"]
[Round "8.5"]
[White "Kunow, Frank"]
[Black "Nour, Alaa"]
[Result "1-0"]
[WhiteElo "1950"]
[BlackElo "1774"]
[PlyCount "165"]
[EventDate "2022.??.??"]
[EventType "team-tourn"]
[EventRounds "9"]
[EventCountry "GER"]
[WhiteTeam "SG Neubrandenburg"]
[BlackTeam "SSC Rostock"]
[WhiteTeamCountry "GER"]
[BlackTeamCountry "GER"]

1. Nf3 Nf6 2. c4 b6 3. g3 Bb7 4. Bg2 d6 5. d4 Nbd7 6. Qa4 g6 7. Nc3 Bg7 8. O-O O-O 9. Rd1 Re8 10. h3 Qc8 11. Be3 e5 12. d5 h6 13. Rac1 Nc5 14. Bxc5 bxc5 15. e4 Nh7 16. Nh4 Bf6 17. Nf3 Ng5 18. Kh2 Nxf3+ 19. Bxf3 Bg5 20. Rb1 a5 21. Qc2 Rf8 22. Bg2 f5 23. h4 Be7 24. Bh3 Rf7 25. h5 gxh5 26. Bxf5 Qf8 27. Be6 Bc8 28. Bxf7+ Qxf7 29. Rf1 h4 30. Qd3 Qh5 31. Kg2 Bg4 32. f3 Bh3+ 33. Kxh3 hxg3+ 34. Kxg3 Bh4+ 35. Kg2 Kh8 36. Rh1 Qg5+ 37. Kf1 Qg3 38. Qe3 Kh7 39. Rxh4 Qxh4 40. Ke2 Rg8 41. Rf1 Rg2+ 42. Rf2 Rg1 43. Kd2 Rg3 44. Kc2 Qh1 45. Qd2 Qh5 46. f4 Qg6 47. fxe5 dxe5 48. d6 cxd6 49. Qd5 Rg2 50. Rxg2 Qxg2+ 51. Kb3 Qg6 52. Qb7+ Kh8 53. Qa8+ Kh7 54. Qa7+ Kh8 55. Qxa5 h5 56. Qd8+ Kh7 57. Nd5 Qg3+ 58. Ka4 h4 59. Qe7+ Kg6 60. Qxd6+ Kg5 61. Qf6+ Kh5 62. Ne7 h3 63. Nf5 Qh2 64. Ng7+ Kg4 65. Qf5+ Kg3 66. Qxe5+ Kg2 67. Qc3 Qg3 68. Qd2+ Qf2 69. Qg5+ Kh1 70. Nh5 Qxb2 71. Qxc5 h2 72. e5 Qxa2+ 73. Kb5 Qb3+ 74. Ka5 Qf3 75. e6 Kg2 76. Qg5+ Kf2 77. Qh4+ Kg1 78. Qg3+ Qxg3 79. Nxg3 Kg2 80. Nh1 Kxh1 81. e7 Kg1 82. e8=Q h1=Q 83. Qe1+ 1-0

[Event "VL-2022/23"]
[Site "MVP"]
[Date "2023.04.23"]
[Round "8.6"]
[White "Walz, Fabian"]
[Black "Hoerhold, Martin"]
[Result "1/2-1/2"]
[WhiteElo "1342"]
[BlackElo "1852"]
[PlyCount "80"]
[EventDate "2022.??.??"]
[EventType "team-tourn"]
[EventRounds "9"]
[EventCountry "GER"]
[WhiteTeam "SSC Rostock"]
[BlackTeam "SG Neubrandenburg"]
[WhiteTeamCountry "GER"]
[BlackTeamCountry "GER"]

1. e4 c5 2. c3 Nf6 3. e5 Nd5 4. Nf3 Nc6 5. d4 cxd4 6. cxd4 d6 7. exd6 Qxd6 8. Nc3 e6 9. Bc4 Nb6 10. Bb3 Be7 11. O-O Na5 12. Bc2 O-O 13. Ne4 Qc7 14. Nfg5 h6 15. Nf3 Nd5 16. Ne5 Nc4 17. Qd3 Nxe5 18. dxe5 Qxe5 19. Ng5 Nf6 20. Nh7 Ng4 21. Qh3 Rd8 22. Qxg4 Rd4 23. Qg3 Qxg3 24. fxg3 f5 25. Be3 Rb4 26. b3 Kxh7 27. Bd2 Rb5 28. g4 Rc5 29. Rac1 Rd5 30. Be3 Bg5 31. Bxg5 hxg5 32. Rcd1 Rc5 33. Bb1 Kh6 34. Rd8 g6 35. Re1 a5 36. Bd3 Kg7 37. Rxe6 Bxe6 38. Rxa8 Rc1+ 39. Kf2 Rc5 40. gxf5 gxf5 1/2-1/2

[Event "VL-2022/23"]
[Site "MVP"]
[Date "2023.04.23"]
[Round "8.7"]
[White "Leisner, Ekkehardt"]
[Black "Menkhaus, Wolf-Dieter"]
[Result "1/2-1/2"]
[WhiteElo "1858"]
[BlackElo "1908"]
[PlyCount "82"]
[EventDate "2022.??.??"]
[EventType "team-tourn"]
[EventRounds "9"]
[EventCountry "GER"]
[WhiteTeam "SG Neubrandenburg"]
[BlackTeam "SSC Rostock"]
[WhiteTeamCountry "GER"]
[BlackTeamCountry "GER"]

1. c4 c5 2. g3 Nf6 3. Bg2 d5 4. cxd5 Nxd5 5. Nc3 Nc7 6. Nf3 Nc6 7. O-O e5 8. d3 Be7 9. b3 O-O 10. Bb2 f6 11. Rc1 Be6 12. Ne1 Qd7 13. f4 Nd5 14. Nxd5 Bxd5 15. e4 Be6 16. f5 Bf7 17. Bf3 Nd4 18. g4 a5 19. Nc2 Nxc2 20. Qxc2 a4 21. Bc3 axb3 22. axb3 Ra3 23. Rb1 Qb5 24. Bd1 Rd8 25. Rf3 Rda8 26. Kg2 h6 27. h4 Ra2 28. Rb2 Rxb2 29. Qxb2 Qa6 30. Kg3 Qa2 31. Rf2 Qxb2 32. Bxb2 Ra2 33. g5 Be8 34. gxh6 gxh6 35. Bc3 Rxf2 36. Kxf2 Bb5 37. Ke3 Be8 38. Ba5 b5 39. Bd2 Bd8 40. Kf2 Kg7 41. Be3 Be7 1/2-1/2

[Event "VL-2022/23"]
[Site "MVP"]
[Date "2023.04.23"]
[Round "8.8"]
[White "Wurst, Oliver"]
[Black "Hartung, Lothar"]
[Result "1-0"]
[WhiteElo "1631"]
[BlackElo "1927"]
[PlyCount "73"]
[EventDate "2022.??.??"]
[EventType "team-tourn"]
[EventRounds "9"]
[EventCountry "GER"]
[WhiteTeam "SSC Rostock"]
[BlackTeam "SG Neubrandenburg"]
[WhiteTeamCountry "GER"]
[BlackTeamCountry "GER"]

1. c4 c5 2. Nf3 Nf6 3. Nc3 d5 4. cxd5 Nxd5 5. e3 Nc7 6. d4 cxd4 7. Qxd4 Qxd4 8. Nxd4 a6 9. g3 Nd7 10. Bg2 e5 11. Nb3 Rb8 12. O-O Be7 13. Bd2 O-O 14. Rac1 Nf6 15. Na5 Rd8 16. Rfd1 Nce8 17. Nc4 Bd6 18. Nxd6 Rxd6 19. Ne4 Nxe4 20. Bxe4 Be6 21. b3 Rbd8 22. Rc2 b5 23. Kf1 f5 24. Bf3 e4 25. Be2 Kf7 26. Ke1 Bc8 27. Ba5 Rxd1+ 28. Bxd1 Rxd1+ 29. Kxd1 Bb7 30. h4 h6 31. Bd8 g6 32. Kd2 Ke6 33. Kc3 Nd6 34. Kb4 Bd5 35. Rc7 Nb7 36. Be7 h5 37. Bg5 1-0

[Event "VL-2022/23"]
[Site "MVP"]
[Date "2023.04.23"]
[Round "8.1"]
[White "Von Alvensleben, Wolfram"]
[Black "Fischer, Torsten"]
[Result "1-0"]
[WhiteElo "2243"]
[BlackElo "2026"]
[PlyCount "95"]
[EventDate "2022.??.??"]
[EventType "team-tourn"]
[EventRounds "9"]
[EventCountry "GER"]
[WhiteTeam "Guestrow/Teterow"]
[BlackTeam "SF Schwerin II"]
[WhiteTeamCountry "GER"]
[BlackTeamCountry "GER"]

1. d4 Nf6 2. Nf3 g6 3. Bf4 Bg7 4. e3 d6 5. Be2 O-O 6. O-O Nc6 7. h3 Bd7 8. c4 Re8 9. Nc3 a5 10. Bh2 Qc8 11. Rc1 Rd8 12. a3 Bf5 13. d5 Nb8 14. Nd4 Bd7 15. b4 Na6 16. Qb3 Ne8 17. Bf3 c5 18. dxc6 bxc6 19. b5 Rb8 20. Qc2 cxb5 21. cxb5 Bxd4 22. exd4 Bxb5 23. Rfe1 e6 24. Qd2 Qd7 25. Ne4 Qe7 26. Qxa5 Nac7 27. Bf4 Bd3 28. Bg5 f6 29. Nxf6+ Nxf6 30. Rxc7 Qf8 31. Rxe6 Rb5 32. Qc3 Rxg5 33. Qxd3 Rf5 34. Ree7 Kh8 35. d5 Re8 36. Rxe8 Qxe8 37. Qc3 Qe5 38. Qxe5 Rxe5 39. Rc8+ Kg7 40. Rc7+ Kf8 41. Kf1 h5 42. a4 g5 43. a5 g4 44. hxg4 hxg4 45. Be2 Nxd5 46. Rc8+ Ke7 47. a6 Nf4 48. a7 1-0

[Event "VL-2022/23"]
[Site "MVP"]
[Date "2023.04.23"]
[Round "8.2"]
[White "Kutschke, Peter"]
[Black "Seiler, Dirk"]
[Result "0-1"]
[WhiteElo "1993"]
[BlackElo "2128"]
[PlyCount "90"]
[EventDate "2022.??.??"]
[EventType "team-tourn"]
[EventRounds "9"]
[EventCountry "GER"]
[WhiteTeam "SF Schwerin II"]
[BlackTeam "Guestrow/Teterow"]
[WhiteTeamCountry "GER"]
[BlackTeamCountry "GER"]

1. e4 e6 2. c4 d5 3. cxd5 exd5 4. exd5 Nf6 5. Nc3 Nxd5 6. d4 Bb4 7. Bd2 O-O 8. Be2 c5 9. Nf3 Nc6 10. a3 Nxc3 11. bxc3 Ba5 12. O-O cxd4 13. cxd4 Be6 14. Rc1 Bb6 15. Be3 Qd6 16. Qd3 h6 17. Bd1 Ne7 18. Ne5 Bf5 19. Qd2 Nd5 20. Nc4 Qg6 21. Bf3 Rad8 22. Nxb6 axb6 23. Rfd1 Rfe8 24. Bf4 Bg4 25. Bxg4 Qxg4 26. Be3 Re6 27. f3 Qf5 28. Bf2 Rg6 29. Bg3 h5 30. Qd3 Qg5 31. Qd2 Qf6 32. Be5 Qxf3 33. Rf1 Qxa3 34. Kh1 Qe3 35. Qc2 Qg5 36. Rf5 Qxg2+ 37. Qxg2 Rxg2 38. Rxh5 Rg6 39. Bc7 Rd7 40. Be5 Rc6 41. Ra1 f6 42. Bg3 Kf7 43. Rh8 b5 44. Rb1 b4 45. Be1 Rc4 0-1

[Event "VL-2022/23"]
[Site "MVP"]
[Date "2023.04.23"]
[Round "8.3"]
[White "Dettmann, Gerd"]
[Black "Helms, Sven"]
[Result "1-0"]
[WhiteElo "2127"]
[BlackElo "1941"]
[PlyCount "85"]
[EventDate "2022.??.??"]
[EventType "team-tourn"]
[EventRounds "9"]
[EventCountry "GER"]
[WhiteTeam "Guestrow/Teterow"]
[BlackTeam "SF Schwerin II"]
[WhiteTeamCountry "GER"]
[BlackTeamCountry "GER"]

1. e4 d5 2. exd5 Qxd5 3. Nc3 Qa5 4. d4 c6 5. Bd3 Nf6 6. Nge2 Bg4 7. O-O e6 8. Bf4 Be7 9. a3 O-O 10. b4 Qd8 11. Qd2 Bxe2 12. Nxe2 Nd5 13. Bg3 a5 14. c4 Nf6 15. Rab1 axb4 16. axb4 Nbd7 17. h3 b6 18. Rfd1 Qc8 19. Nc3 Rd8 20. Qe3 Ra3 21. Rdc1 Nf8 22. d5 Ng6 23. dxe6 Qxe6 24. Qxe6 fxe6 25. Bxg6 hxg6 26. Bc7 Rd3 27. Ne2 Rd2 28. Nf4 Kf7 29. Re1 Bd6 30. Bxd6 Rxd6 31. c5 bxc5 32. bxc5 Rd7 33. Nxe6 Nd5 34. Rb8 g5 35. Nxg5+ Kg6 36. Nf3 Kh7 37. Re6 g6 38. Rxc6 Nf4 39. Rd6 Re7 40. c6 Nxh3+ 41. gxh3 Rxf3 42. Rd7 Rff7 43. Rbb7 1-0

[Event "VL-2022/23"]
[Site "MVP"]
[Date "2023.04.23"]
[Round "8.4"]
[White "Wandel, Bernd"]
[Black "Waschk, Armin"]
[Result "1/2-1/2"]
[WhiteElo "2056"]
[BlackElo "2130"]
[PlyCount "131"]
[EventDate "2022.??.??"]
[EventType "team-tourn"]
[EventRounds "9"]
[EventCountry "GER"]
[WhiteTeam "SF Schwerin II"]
[BlackTeam "Guestrow/Teterow"]
[WhiteTeamCountry "GER"]
[BlackTeamCountry "GER"]

1. d4 Nf6 2. c4 e6 3. Nf3 d5 4. Nc3 Bb4 5. Qa4+ Nc6 6. Bg5 O-O 7. e3 Re8 8. Be2 Bd7 9. Qc2 dxc4 10. Bxc4 h6 11. Bh4 a6 12. O-O b5 13. Bd3 Be7 14. a3 Rc8 15. e4 Nh5 16. Bg3 Nxg3 17. fxg3 e5 18. dxe5 Bc5+ 19. Kh1 Nd4 20. Qd1 Be6 21. Nd5 Bxd5 22. exd5 Qxd5 23. Rc1 Rcd8 24. b4 Bb6 25. Bb1 Nxf3 26. Qxf3 Qxf3 27. Rxf3 Rxe5 28. Ba2 Re7 29. Rcf1 Rdd7 30. g4 Bd4 31. h4 Bf6 32. g3 Rd2 33. R1f2 Re1+ 34. Kg2 Rdd1 35. Rf5 Rg1+ 36. Kh2 Rh1+ 37. Kg2 Rdg1+ 38. Kf3 Rh3 39. Rg2 Rf1+ 40. Ke4 Rhh1 41. Rgf2 Rxf2 42. Rxf2 Re1+ 43. Kd3 Re7 44. Bd5 Be5 45. Rf3 Rd7 46. Ke4 Bf6 47. Bb7 Rd4+ 48. Kf5 Rd6 49. h5 Kf8 50. Re3 g6+ 51. Ke4 Re6+ 52. Kd3 Rxe3+ 53. Kxe3 Bb2 54. Bxa6 Bxa3 55. Bxb5 Bxb4 56. Bc6 Bd6 57. Kf3 Ke7 58. g5 hxg5 59. hxg6 f5 60. Bd7 f4 61. gxf4 gxf4 62. Ke4 Kf6 63. Be8 c5 64. Kd5 Bf8 65. Ke4 Kg5 66. Bd7 1/2-1/2

[Event "VL-2022/23"]
[Site "MVP"]
[Date "2023.04.23"]
[Round "8.5"]
[White "Gebert-Vangeel, Ralf"]
[Black "Kupfernagel, Michael"]
[Result "1-0"]
[WhiteElo "2017"]
[BlackElo "2030"]
[PlyCount "63"]
[EventDate "2022.??.??"]
[EventType "team-tourn"]
[EventRounds "9"]
[EventCountry "GER"]
[WhiteTeam "Guestrow/Teterow"]
[BlackTeam "SF Schwerin II"]
[WhiteTeamCountry "GER"]
[BlackTeamCountry "GER"]

1. e4 c5 2. Nf3 d6 3. d4 cxd4 4. Nxd4 Nf6 5. Nc3 a6 6. Be3 e5 7. Nb3 Be6 8. Be2 Nbd7 9. f3 Qc7 10. Qd2 Rc8 11. g4 h6 12. O-O-O b5 13. Bd3 Nb6 14. Bxb6 Qxb6 15. Nd5 Bxd5 16. exd5 Be7 17. Kb1 Nd7 18. f4 exf4 19. Qxf4 Ne5 20. h4 Qd8 21. Bf5 Rc4 22. Nd4 Bxh4 23. b3 Rc7 24. Nc6 Qg5 25. Qh2 Nf3 26. Qxd6 Rb7 27. Bc8 Nd2+ 28. Rxd2 Qxd2 29. Bxb7 Bf6 30. Ne5 Qc3 31. Qd7+ Kf8 32. Qxf7# 1-0

[Event "VL-2022/23"]
[Site "MVP"]
[Date "2023.04.23"]
[Round "8.6"]
[White "Jung, Werner"]
[Black "Scharf, Christian"]
[Result "0-1"]
[WhiteElo "2009"]
[BlackElo "1336"]
[PlyCount "30"]
[EventDate "2022.??.??"]
[EventType "team-tourn"]
[EventRounds "9"]
[EventCountry "GER"]
[WhiteTeam "SF Schwerin II"]
[BlackTeam "Guestrow/Teterow"]
[WhiteTeamCountry "GER"]
[BlackTeamCountry "GER"]

1. e4 c5 2. Nf3 d6 3. d4 cxd4 4. Nxd4 Nf6 5. Nc3 a6 6. Be3 e6 7. f3 b5 8. Qd2 Nbd7 9. g4 b4 10. Nce2 h6 11. Ng3 Qc7 12. Bd3 d5 13. exd5 Nxd5 14. O-O-O Rb8 15. Kb1 Nc3+ 0-1